George St-Pierre Title Defences - Statistics

General Stats
  • This quiz has been taken 4 times
  • The average score is 7 of 9
Answer Stats
UFC Card Opponent % Correct
UFC 94 BJ Penn
100%
UFC 154 Carlos Condit
100%
UFC 167 Johny Hendricks
100%
UFC 158 Nick Diaz
100%
UFC 111 Dan Hardy
75%
UFC 100 Thiago Alves
75%
UFC 129 Jake Shields
50%
UFC 87 Jon Fitch
50%
UFC 124 Josh Koscheckj
0%
No matching quizzes found
Score Distribution
Percent of People with Each Score
Percentile by Number Answered
Your Score History
You have not taken this quiz